MARC details
| 000 -CABECERA |
| campo de control de longitud fija |
02224nam a2200337 a 4500 |
| 001 - NÚMERO DE CONTROL |
| campo de control |
BRCA_2441 |
| 005 - FECHA Y HORA DE LA ÚLTIMA TRANSACCIÓN |
| campo de control |
20190320203818.0 |
| 008 - DATOS DE LONGITUD FIJA--INFORMACIÓN GENERAL |
| campo de control de longitud fija |
181108s1798----sp-a---###---#000-0dspa-u |
| 041 ## - CÓDIGO DE LENGUA |
| Código de lengua del texto/banda sonora o título independiente |
spa |
| 044 ## - CÓDIGO DEL PAÍS DE LA ENTIDAD EDITORA/PRODUCTORA |
| Código MARC del país |
sp |
| 084 ## - OTRO NÚMERO DE CLASIFICACIÓN |
| Número de clasificación |
081 |
| Número de documento/Ítem |
.S264 |
| -- |
1798 |
| 100 1# - ENTRADA PRINCIPAL--NOMBRE DE PERSONA |
| Nombre de persona |
Cervantes Saavedra, Miguel de |
| Fechas asociadas al nombre |
1547-1616 |
| 9 (RLIN) |
213 |
| 245 10 - MENCIÓN DE TÍTULO |
| Título |
El Ingenioso Hidalgo Don Quixote de la Mancha |
| Mención de responsabilidad, etc. |
compuesto por Miguel de Cervantes Saavedra. |
| 260 ## - PUBLICACIÓN, DISTRIBUCIÓN, ETC. |
| Lugar de publicación, distribución, etc. |
Madrid |
| Nombre del editor, distribuidor, etc. |
Gabriel de Sancha |
| Fecha de publicación, distribución, etc. |
1798 |
| 300 ## - DESCRIPCIÓN FÍSICA |
| Extensión |
9 v. |
| Otras características físicas |
il. |
| Dimensiones |
14 cm. |
| Material acompañante/anejo |
1 mapa |
| 500 ## - NOTA GENERAL |
| Nota general |
Contenido : v 1. Primera parte. Notas al título de la historia. Advertencia sobre las mismas. Texto. -- v 2. Notas. Texto. -- v 3. Notas. Texto. -- v 4. Notas. Texto. -- v 5. Segunda parte. Dedicatoria del autor. Advertencia. Prólogo del autor. Notas. Texto. -- v 6. Notas. Texto. -- v 7. Notas. Texto. -- v 8. Notas. Descripción greográfica de los viajes de D. Quixote. Mapa. Texto. -- v 9. Vida de Miguel de Cervantes por J. A. Pellicer |
| 500 ## - NOTA GENERAL |
| Nota general |
Edición : Corregido denuevo, con nuevas notas, con nuevas viñetas, con nuevo análisis, y con la vida del autor nuevamente aumentada por Juan Antonio Pellicer |
| 500 ## - NOTA GENERAL |
| Nota general |
Se distingue de la edición anterior por estar dividida en 9 tomos de menor tamaño. Ilustraciones de Paret y Alcántara, están grabadas con maestría por Moreno Tejada y Amettler. Tanto por lo que concierne a la parte literaria, como a la tipografía y papel, es superior a la edición anterior. Lindo ejemplar, bellamente encuadernado y adornado con filetes y florones dorados en las lomeras y cubiertas, los cortes dorados también Lúdovik Osterc |
| 500 ## - NOTA GENERAL |
| Nota general |
Con ex-libris de : Francis Beyord Reves |
| 500 ## - NOTA GENERAL |
| Nota general |
Incluye índice : De las cosas notables |
| 500 ## - NOTA GENERAL |
| Nota general |
QM61 |
| 650 14 - PUNTO DE ACCESO ADICIONAL DE MATERIA--TÉRMINO DE MATERIA |
| Término de materia o nombre geográfico como elemento de entrada |
Novela española |
| Subdivisión cronológica |
Época clásica, 1500-1700 |
| 9 (RLIN) |
215 |
| 650 14 - PUNTO DE ACCESO ADICIONAL DE MATERIA--TÉRMINO DE MATERIA |
| Término de materia o nombre geográfico como elemento de entrada |
Literatura española |
| Subdivisión cronológica |
Época clásica, 1500-1700 |
| 9 (RLIN) |
216 |
| 650 14 - PUNTO DE ACCESO ADICIONAL DE MATERIA--TÉRMINO DE MATERIA |
| Término de materia o nombre geográfico como elemento de entrada |
Novela española |
| Subdivisión cronológica |
Siglo XVII |
| 9 (RLIN) |
217 |
| 650 14 - PUNTO DE ACCESO ADICIONAL DE MATERIA--TÉRMINO DE MATERIA |
| Término de materia o nombre geográfico como elemento de entrada |
Don Quijote (Personaje ficticio) |
| Término indicativo de función/relación |
Novela |
| 9 (RLIN) |
218 |
| 700 1# - PUNTO DE ACCESO ADICIONAL--NOMBRE DE PERSONA |
| Nombre de persona |
Pellicer y Pilares, Juan Antonio |
| Fechas asociadas al nombre |
1738-1806 |
| Término indicativo de función/relación |
Biógrafo |
| 9 (RLIN) |
7141 |
| 700 1# - PUNTO DE ACCESO ADICIONAL--NOMBRE DE PERSONA |
| Nombre de persona |
Paret y Alcázar, Luis |
| Fechas asociadas al nombre |
1746-1799 |
| Término indicativo de función/relación |
Ilustrador |
| 9 (RLIN) |
7142 |
| 740 0# - PUNTO DE ACCESO ADICIONAL--TÍTULO RELACIONADO O ANALÍTICO NO CONTROLADO |
| Título relacionado o analítico no controlado |
El Ingenioso Hidalgo Don Quijote de la Mancha |
| 902 ## - CATALOGADOR |
| Iniciales |
QFM |
| 942 ## - ELEMENTOS DE PUNTO DE ACCESO ADICIONAL (KOHA) |
| Fuente del sistema de clasificación o colocación |
Library of Congress Classification |
| Tipo de ítem Koha |
Libros |